000170460 001__ 170460
000170460 005__ 20260422085545.0
000170460 0247_ $$2doi$$a10.1177/00076503261428213
000170460 0248_ $$2sideral$$a148882
000170460 037__ $$aART-2026-148882
000170460 041__ $$aeng
000170460 100__ $$aDíaz-Portugal, Celia
000170460 245__ $$aPolitical Institutions and Corporate Citizenship: The Impact on Corporate Social Responsibility
000170460 260__ $$c2026
000170460 5060_ $$aAccess copy available to the general public$$fUnrestricted
000170460 5203_ $$aThe influence of political institutions on corporate behavior has emerged as a hot topic, with special attention paid to those institutions that shape a country’s level of democracy. Building on institutional and corporate citizenship theories, this study explores how formal (i.e., electoral pluralism, government functioning, civil liberties) and informal (i.e., political culture, citizen participation) political institutions associated with the democratic level of a country impact corporate social responsibility (CSR). Drawing on 27,694 firm-year observations from 2016 to 2023, across 4,072 firms in 63 countries, we find that companies operating in political systems with robust electoral processes, strong civil liberties, and high levels of political participation tend to engage more actively in CSR. These results show the important role of those political institutions that underpin democracy in corporate responsible behavior.
000170460 540__ $$9info:eu-repo/semantics/openAccess$$aby$$uhttps://creativecommons.org/licenses/by/4.0/deed.es
000170460 655_4 $$ainfo:eu-repo/semantics/article$$vinfo:eu-repo/semantics/acceptedVersion
000170460 700__ $$0(orcid)0000-0002-2143-2764$$aGonzález, Minerva$$uUniversidad de Zaragoza
000170460 700__ $$aPérez-Cornejo, Clara
000170460 7102_ $$14012$$2650$$aUniversidad de Zaragoza$$bDpto. Direcc.Organiza.Empresas$$cÁrea Organización de Empresas
000170460 773__ $$pBUSINESS & SOCIETY$$tBUSINESS & SOCIETY$$x0007-6503
000170460 8564_ $$s644564$$uhttps://zaguan.unizar.es/record/170460/files/texto_completo.pdf$$yPostprint
000170460 8564_ $$s1026197$$uhttps://zaguan.unizar.es/record/170460/files/texto_completo.jpg?subformat=icon$$xicon$$yPostprint
000170460 909CO $$ooai:zaguan.unizar.es:170460$$particulos$$pdriver
000170460 951__ $$a2026-04-22-08:32:52
000170460 980__ $$aARTICLE